Estadísticas para Ciudades europeas por imagen #2

Haz click aquí para intentar la prueba.

Estadísticas generales

  • Esta prueba ha sido intentada 121 veces
  • La puntuación promedio es 10 de 15

Estadísticas de respuestas

Respuesta% Correcto
Londres
99%
Atenas
98%
Venecia
97%
Pisa
96%
Bilbao
83%
Ámsterdam
79%
Bruselas
79%
Moscú
79%
Viena
64%
Gibraltar
50%
Kiev
48%
Edimburgo
39%
Oslo
36%
Zúrich
31%
Fráncfort
24%

Distribución de puntuación

Porcentaje por número respondido

Porcentaje de gente con cada puntuación

Historial de tus puntuaciones

No has intentado esta prueba.